| 000 | 00000nam##2200000za#4500 |
| 001 | 9.570610 |
| 003 | CaOODSP |
| 005 | 20210624182326 |
| 007 | cr ||||||||||| |
| 008 | 150406|2000||||xxc|||||o f|0| 0 eng|d |
| 040 | |aCaOODSP|beng |
| 043 | |an-cn--- |
| 086 | 1 |aC21-24/32-2000E-PDF |
| 110 | 1 |aCanada.|bIndustry Canada. |bMicro-Economic Analysis Directorate. |
| 245 | 14|aThe Canada-U.S. productivity growth paradox / |h[electronic resource]|cby Serge Coulombe. |
| 260 | |aOttawa - Ontario : |bIndustry Canada. |cMarch 2000. |
| 300 | |a42p.|bgraphs |
| 490 | 1 |aWorking paper series|vNo. 32 |
| 500 | |aThe catalogue number (C21-24/32-2000) and ISBN (0-662-64789-0) for the bilingual print edition have been incorrectly copied in this electronic publication. |
| 504 | |aBibliography. |
| 590 | |a12-12-Supp|b2012-03-28 |
| 720 | 1 |aCoulombe, Serge |
| 775 | 08|tLe paradoxe canado-américain de la croissance de la productivité / |w(CaOODSP)9.601258 |
| 776 | 0#|tThe Canada-U.S. productivity growth paradox / |w(CaOODSP)9.533626 |
| 776 | 0#|tLe paradoxe canado-américain de la croissance de la productivité / |w(CaOODSP)9.533627 |
| 830 | #0|aWorking paper series ;|vNo. 32|w(CaOODSP)9.504711 |
| 856 | 40|ahttp://publications.gc.ca|qPDF|s79 KB|uhttps://publications.gc.ca/collections/Collection/C21-24-32-2000E.pdf|yNo. 32 |